000 00653nab a2200193 4500
001 244442
003 OSt
005 20231120125825.0
007 tu
008 200917s2020|||||||
040 _aDE-2950
_cDE-2950
245 0 0 _aRiesenansturm auf Tickets für Roland Kaiser
_bMusik. Der Auftritt der Schlagerikone wird das größte Konzert in Frankfurt (Oder) seit Jahren. Wie es zum Coup im Stadion der Freundschaft kam/
_cThomas Gutke
264 _c2023
653 _aFrankfurt (Oder)
653 _aRoland Kaiser
653 _aKonzert
773 0 _g34. Jahrgang (2023) Nr. 268 vom 17.11.2023, S. 13, mit Foto;
_tMärkische Oderzeitung
942 _2z
_cA
999 _c372834
_d372834